Statistics for Cities by photo with subtle clues

Click here to take the quiz!

General Stats

  • This quiz has been taken 8 times
  • The average score is 5 of 16

Answer Stats

Answer% Correct
Dubai
88%
Havana
63%
Newcastle
50%
Port-au-Prince
38%
Amsterdam
25%
Brasilia
25%
Khartoum
25%
Luanda
25%
Luxembourg
25%
Manama
25%
Milan
25%
N'Djamena
25%
San Salvador
25%
Bilbao
13%
Ulaanbaatar
13%
Kharkiv
0%

Score Distribution

Percentile by Number Answered

Percent of People with Each Score

Your Score History

You have not taken this quiz